000 00439nam a2200169Ia 4500
008 100923t1961 xxu||||| |||| 00| 0 sin d
041 _asin
080 _a8S-31
_bSUB
100 _aSubadrage, Jayawardana
245 _aඅන්ධයින්ට ඇස්
246 _aAndhayinta Aes 27
260 _bLihini Poth
_aColombo
_c1961
300 _a123p., 18 cm
942 _cBK
999 _c69373
_d69373
003 LK-CoDNM
040 _aLK-CoDNM
_dLK-CoDNM
_eLK-CoDNM